LEADER 00662nam a2200205 i 4500 001 000000235031 003 CaOOAMICUS 005 20141027000000.0 008 141027n it u000 u ita u 013 $a213934 040 $aSeMil$bita 245 10$a2. 300 $a409 p. :$bill. 500 $aFondo card. Giovanni Colombo. 773 0 $aFouard, Constant Henri <1837-1904>$tVita di N. S. Gesł Cristo.$dTorino [etc.] : SEI, 1944.$w()30825 850 $aSeMil 852 $aSeMil$W1$xVenegono$y1$m3GC III 149$j185377$B185377$CSeMilBibl$Z2$F196605 $8B 941 1 $a3 961 $aLascito: Colombo Card. Giovanni 996 $6245$a2$9(OLS)http://semarc/title/46889 LEADER 01062nam a2200229 i 4500 001 000000241688 003 CaOOAMICUS 005 20250609113614.0 008 150511s1894 it u000 u ita u 013 $a220593 040 $aSeMil$bita 100 1 $aDe Feis, Leopoldo.$0(OLS)http://semarc/name/72664 245 10$aStoria di Liberio Papa e dello scisma dei semiariani /$cLeopoldo De Feis. 260 $aRoma :$bTipografia poliglotta della S. C. di Propaganda Fide,$c1894. 300 $a211 p. ;$c30 cm. 500 $aEstratto da: Studi e documenti di storia e diritto, A. 14., 1893. - Dedica dell'A. al Card. Andrea Ferrari in cop. 600 04$aLiberio .$0(OLS)http://semarc/subject/12201 850 $aSeMil 852 $aSeMil$W1$xVenegono$y1$m3G VI 33 FA$j192034$B192034$CSeMilBibl$Z2$F202831 $8I 996 $6245$aStoria di Liberio Papa e dello scisma dei semiariani$9(OLS)http://semarc/title/343449 996 $6260$aRoma :$bTipografia poliglotta della S. C. di Propaganda Fide$9(OLS)http://semarc/publisher/33121